Ética sin moral / (Registro nro. 2333)

Detalles MARC
000 -LEADER
fixed length control field 01274nam a2200325 a 4500
005 - FECHA ULTIMA MODIFICACION
control field 20240408115307.0
008 - CAMPO DE CONTROL (LIBRO)
fixed length control field 100831t1990||||sp |||f ||||00 1 0 spa d
020 ## - INTERNATIONAL STANDARD BOOK NUMBER
ISBN 8430919503
041 ## - CODIGO DE IDIOMA
Código de idioma del texto/pista de sonido o título separado spa
092 ## - SIGNATURA TOPOGRAFICA DEWEY LOCAL
número de clasificación 170
libristica 13
sección COR
100 1# - ENTRADA PRINCIPAL--NOMBRE PERSONAL
Nombre personal Cortina, Adela
9 (RLIN) 1042
245 ## - TITULO PROPIAMENTE DICHO
Título Ética sin moral /
Mención de responsabilidad y remanente de la transcripción de la portada Adela Cortina.
250 ## - MENCION DE EDICION
Mención de edición 1a ed.
260 ## - PIE DE IMPRENTA
Lugar de publicación, distribución, etc Madrid:
Nombre de la editorial, distribuidor, etc Tecnos;
Fecha de publicación 1990.
300 ## - DESCRIPCION FISICA
Extension 318 p.
500 ## - NOTA GENERAL
Nota general Cortina, A. (1990). Ética sin moral. (1a ed.). Madrid : Tecnos.
590 ## - NOTAS LOCALES (RLIN)
Nota local Donación Dora Vera, febrero 2017
653 ## - TÉRMINO INDIZADO - PALABRAS CLAVES
Palabra clave Ética de la modernidad crítica
653 ## - TÉRMINO INDIZADO - PALABRAS CLAVES
Palabra clave Clasificaciones éticas
653 ## - TÉRMINO INDIZADO - PALABRAS CLAVES
Palabra clave Panorama contemporáneo de la fundamentación de la moral
653 ## - TÉRMINO INDIZADO - PALABRAS CLAVES
Palabra clave Modernidad crítica versus neoconservadurismo
653 ## - TÉRMINO INDIZADO - PALABRAS CLAVES
Palabra clave Estructura de la razón práctica: moral,derecho y política en la ética discursiva
653 ## - TÉRMINO INDIZADO - PALABRAS CLAVES
Palabra clave Límites de una ética poskantiniana de principios
653 #3 - TÉRMINO INDIZADO - PALABRAS CLAVES
Palabra clave El Ethos democrático: Télos, valor, virtud
653 ## - TÉRMINO INDIZADO - PALABRAS CLAVES
Palabra clave Teoría de los derechos humanos
653 ## - TÉRMINO INDIZADO - PALABRAS CLAVES
Palabra clave Democracia como forma de vida
653 ## - TÉRMINO INDIZADO - PALABRAS CLAVES
Palabra clave Más allá del colectivismo y el individualismo: autonomía y solidaridad
653 #3 - TÉRMINO INDIZADO - PALABRAS CLAVES
Palabra clave Lo femenino y lo masculino: las virtudes olvidadas en el moral Point of view
942 ## - ADDED ENTRY ELEMENTS (KOHA)
Source of classification or shelving scheme Dewey Decimal Classification
Item type Libros
Existencias
Estado de retiro Existencia Fuente de clasificación Estado general No para prestamo Ubicación permanente ubicación actual Sala de ubicación Fecha de adquisición Fuente de adquisición Total Checkouts Número de clasificación Código de barras Date last seen Número de ejemplar Price effective from Koha tipo de elemento (item) Public note
    Dewey Decimal Classification     Biblioteca Medicina Biblioteca Medicina Circulación 23/02/2017 Donación Dora Vera. Febrero 2017   170 13 COR 3804 23/02/2017 Ej.1 23/02/2017 Libros Donación Dora Vera. Febrero 2017

UNIVERSIDAD NACIONAL DEL COMAHUE
Biblioteca de la Facultad de Ciencias Médicas
Sede Toschi: Los Arrayanes y Av. Toschi, Cipolletti  - Rio Negro
Sede Los Tordos:  Yrigoyen al 2211, Cipolletti - Rio Negro 

Teléfono: 0299 - 4774707 int 25
Contacto: biblioteca@facimed.uncoma.edu.ar
© 2011 - 2026